000
00284nam a22001217a 4500
008
170608b xxu||||| |||| 00| 0 eng d
041
_a
eng
080
_a
94
100
_a
18
101
_a
SHH
245
_a
NIGERIA: THE TRIBES, THE NATION, OR THE RACE
_c
SCHWARZ,F.A
942
_2
udc
_c
BK
999
_c
16590
_d
16590